El laboratorio de la revolución : el Tabasco garridista /
Análisis de la actuación política de Tomás Garrido Canabal (1890-1943), cacique que dominó Tabasco desde 1919, cuando fue nombrado por vez primera gobernador interno, hasta 1935 y encabezó un movimiento regional de fuerte inspiración anticlerical, que convirtió a dicho estado del sureste mexicano en...
Guardado en:
| Hovedforfatter: | |
|---|---|
| Format: | Bog |
| Sprog: | spansk |
| Udgivet: |
México :
Siglo XXI,
1984
|
| Udgivelse: | 2a edición |
| Serier: | (Historia)
|
| Fag: | |
| Tags: |
Ingen Tags, Vær først til at tagge denne postø!
|
MARC
| LEADER | 00000nam^a2200000^a^4500 | ||
|---|---|---|---|
| 001 | 000026597 | ||
| 005 | 20250521000000.0 | ||
| 009 | 20260310084737.116 | ||
| 020 | |a 968-23-0478-4 | ||
| 037 | |a Acervo ITESO - Biblioteca | ||
| 041 | |a ESP | ||
| 082 | |a 972. 63062 |b MAR | ||
| 100 | |a Martínez Assad, Carlos |e (autor) | ||
| 245 | 1 | 3 | |a El laboratorio de la revolución : |b el Tabasco garridista / |c C. Martínez Assad. |
| 250 | |a 2a edición | ||
| 264 | 1 | |a México : |b Siglo XXI, |c 1984 | |
| 300 | |a 309 p. | ||
| 336 | |a texto |b txt |2 rdacontenido | ||
| 337 | |a sin mediación |b n |2 rdamedio | ||
| 338 | |a volumen |b nc |2 rdasoporte | ||
| 440 | 1 | |a (Historia) | |
| 520 | |a Análisis de la actuación política de Tomás Garrido Canabal (1890-1943), cacique que dominó Tabasco desde 1919, cuando fue nombrado por vez primera gobernador interno, hasta 1935 y encabezó un movimiento regional de fuerte inspiración anticlerical, que convirtió a dicho estado del sureste mexicano en el "laboratorio de la revolución". | ||
| 649 | |a XX | ||
| 650 | |a Gobernadores Mexicanos | ||
| 650 | |a Políticos Mexicanos | ||
| 650 | |a Anticlericalismo - |z Tabasco - |x Historia | ||
| 650 | |a Anticlericalismo - |z México - |x Historia | ||
| 650 | |a Autoritarismo - |z Tabasco - |x Historia | ||
| 650 | |a Autoritarismo - |z México - |x Historia | ||
| 650 | |a Caciquismo - |z Tabasco - |x Historia | ||
| 650 | |a Caciquismo - |z México - |x Historia | ||
| 650 | |a Ideología - |z Tabasco - |x Historia | ||
| 650 | |a Ideología - |z México - |x Historia | ||
| 650 | |a Política - |z Tabasco - |x Historia | ||
| 650 | |a Política - |z México - |x Historia | ||
| 650 | |a Tabasco - |x Historia - |y 1910-1946 | ||
| 650 | |a Tabasco - |x Historia - |y Siglo XX | ||
| 650 | |a México - |x Historia - |y 1910-1946 | ||
| 650 | |a México - |x Historia - |y Siglo XX | ||
| 650 | |a Garrido Canabal, Tomás | ||
| 910 | |a Fondo General | ||
| 920 | |a Impresos - Libros | ||
| 930 | |a Colección General | ||
| 905 | |a 101 | ||
| 901 | |a 0265970100 |b IT1 |c ACC |i 026597 |u 20250521 | ||
| 902 | |a https://opac.biblio.iteso.mx/vufind/Record/000026597 | ||